Avengers Members A-Z by Picture - Statistics

General Stats
  • This quiz has been taken 109 times
  • The average score is 15 of 26
Answer Stats
Picture Answer % Correct
Black Panther
100%
Captain America
100%
Ant-Man
99%
Doctor Strange
99%
Hulk
96%
Iron Man
94%
Falcon
93%
Thor
84%
Vision
80%
Scarlet Witch
78%
Ms. Marvel
70%
Quicksilver
70%
Wasp
62%
Okoye
54%
Namor the Sub-Mariner
44%
X-23
41%
Yellow Jacket
37%
U.S. Agent
36%
Echo
34%
Photon
28%
Jocasta
24%
Zabu
22%
Rage
20%
Living Lightning
19%
Kid Omega
18%
Gilgamesh
13%
No matching quizzes found
Score Distribution
Percent of People with Each Score
Percentile by Number Answered
Your Score History
You have not taken this quiz